000 00664nam a2200253Ia 4500
003 OSt
005 20220912150758.0
006 a|||||r|||| 00| 0
007 ta
008 220909b |||||||| |||| 00| 0 eng d
024 _a49972
037 _cTextual
040 _aCSL
_beng
_cCSL
041 _aeng
082 _aI:3, L41
100 _aNobel P S
245 0 _aIntroduction to biophysical plant physiology
260 _aSan Francisco
_b W H Freeman
_c1974
300 _axii, 488p.
_ccm.
500 _aAppendix I-IX, 413-472p.
_ccm.
650 _aPlant Physiology
942 _hI:3, L41
_cTEXL
_2CC
999 _c54753
_d54753